[Event "Wasselonne op"]
[Site "Wasselonne"]
[Date "2009.08.08"]
[Round "4"]
[White "Cofman, Veaceslav"]
[Black "Lainey, Jean"]
[Result "1-0"]
[WhiteElo "1925"]
[BlackElo "1584"]
[PlyCount "71"]
[EventDate "2009.08.06"]
[EventType "swiss"]
[EventRounds "7"]
[EventCountry "FRA"]
[SourceTitle "EXT 2011"]
[Source "ChessBase"]
[SourceDate "2010.11.26"]
[SourceVersion "1"]
[SourceVersionDate "2010.11.26"]
[SourceQuality "1"]

1. Nf3 Nf6 2. d4 d5 3. Bf4 Nh5 4. Be5 f6 5. Bg3 Nxg3 6. hxg3 Nc6 7. e3 Bg4 8. Bd3 f5 9. c4 e5 10. dxe5 Nxe5 11. Qa4+ Qd7 12. Qxd7+ Nxd7 13. cxd5 Bxf3 14. gxf3 g6 15. Nc3 0-0-0 16. Ke2 Nc5 17. e4 Nxd3 18. Kxd3 fxe4+ 19. fxe4 c6 20. f4 Bg7 21. Kc4 cxd5+ 22. exd5 Rd7 23. Rae1 a6 24. Re6 Bxc3 25. bxc3 Rhd8 26. Re5 b6 27. Kd4 b5 28. Rc1 Rc7 29. c4 Rxc4+ 30. Rxc4+ bxc4 31. Kxc4 Rd7 32. Kc5 Kb7 33. d6 a5 34. Re7 Kc8 35. Kc6 Rd8 36. d7+ 1-0